| 000 | 00695nam a2200217 u 4500 | ||
|---|---|---|---|
| 005 | 20210223131620.0 | ||
| 008 | 111104s2001 r 000 0 eng d | ||
| 020 | _a9682458919 | ||
| 035 | _aUPN01000182421 | ||
| 049 | _aF | ||
| 050 | 4 |
_aND553 R4.5 _bS6.7 |
|
| 100 | 1 |
_aSpence, David _935907 |
|
| 245 | 1 | 0 |
_aRenoir : _bcolor y naturaleza / _cDavid Spence ; tr. Adriana de Villa. |
| 260 |
_aMéxico : _bTrillas, _c2001. |
||
| 300 |
_a32 p. : _bil. col. |
||
| 440 | 0 | _aGrandes artistas | |
| 534 |
_pTítulo original: _tRenoir : colour & nature |
||
| 600 | 1 | 4 |
_aRENOIR, AUGUSTE, _d1841-1919 - _xCRITICA E INTERPRETACION _919992 |
| 650 | 4 |
_aPINTORES FRANCESES - _vBIOGRAFIA _96743 |
|
| 905 | _aLibro | ||
| 999 |
_c154524 _d154524 |
||